00617pab a2200193 454500008004000000100001800040245009500058260000900153300001300162362000800175650001500183650002000198700001900218773004600237908000600283909001100289999001900300952010400319180718b2012 xxu||||| |||| 00| 0 eng d aBehaghel, Luc aFraming social security reform: Behavioural responses to change in the full retirement age c2012 ap.41-67. aNov aRetirement aSocial security aBlau, David M. aAmerican Economic Journal: Economy Policy aN a102115 c102113d102113 00104070aIIPAbIIPAd2018-07-19hVolume no: 4, Issue no: 4pAR102575r2018-07-19w2018-07-19yAR